000 00697nam a22002657a 4500
003 UA-OsUOA
001 21557
007 ta
008 20031211b un ||||| |||| 00| 0 ukr d
100 _aОстапчук М.В.
700 _aРибак А.І.
090 _a338.3(075.8)
_bО-76
942 _cBK
040 _aUA-OsUOA
_bukr
_cUA-OsUOA
_dUA-OsUOA
245 _aСистема технологій (за видами діяльності)
_bНавчальний посібник
300 _a888 с.
955 _a0
041 _aukr
080 _a338.3(075.8)
020 _a966-566-063-6
260 _aКиїв
_bЦУЛ
_c2003
044 _aUA
650 7 _2UDC
999 _c307759
_d307759